000 00390pab a2200157 454500
008 180718b1978 xxu||||| |||| 00| 0 eng d
100 _aHanda, K.L.
245 _aManagement accounting in government
260 _c1978
300 _ap.1060-1073.
362 _aOct-Dec
650 _aManagement audit
773 _aIndian Journal of Public Administration
908 _aN
909 _a88338
999 _c88338
_d88338